000 00485nam a2200193Ia 4500
005 20240823032555.0
008 240823s9999||||xx |||||||||||||| ||und||
020 _a978-81-8128-929-2
041 _aENGLISH
082 _A006.4 P8
100 _aMarques De Sa
245 0 _aPattern Recognition:Concepts Methods and Application
250 _a1st
260 _c2008
_b"Springar,Canada"
500 _aYES
650 _aPattern Recognition
_bGeneral
942 _cBK
999 _c193754
_d193754